Регионална библиотека "Любен Каравелов" - Русе

Френско-български речник A - Z (Запис номер 24372)

MARC детайли
000 -Лидер
Контролно поле с фиксирана дължина 01464nam a2200325 c 4500
003 - Код на организацията, давaща контролен номер
Контролно поле BLK
005 - Дата и час на последна редакция
Контролно поле 20191030163240.0
008 - Елементи от данни с фиксирана дължина
fixed length control field 180413b bul|||||r ||||||| ||bul||
010 ## - Наследен системен номер
LC control number KNG00026884000
020 ## - Международен стандартен номер на книга ISBN
Международен стандартен номер на книга ISBN 954-9607-04-6
-- издат.: Gaberoff
040 ## - Източник на каталожния запис
Идентификатор на билиотеката - собственик на записа BLK
041 ## - Код за език
Код за езика на текст/звукозапис или на отделно заглавие Френски
Код за езика КДБФ Френски
Други езици Български
080 ## - УДК
Текстов определител УДК Лексикология. Езикови речници и разговорници. Лексикография
УДК код - определител по УДК 81`374
УДК определител =133.1=163.2
УДК - код + определител 81`374=133.1=163.2
100 1# - Редна дума - Автор
Автор Илиев, Андрей
Авторска отговорност първи автор
R(LIN) 267617
139 ## - Редно поле
Редна дума Илиев, Андрей и др.
Авторски знак Илие - И 52
245 10 - Сведения за заглавието
Заглавие Френско-български речник A - Z
Подзаглавни данни Френска граматика и таблици за спрежение на глаголите
Редно поле (дума) Андрей Илиев; съавт. Микрула Василева Константинова; съавт. Иванка Попова.
257 ## - Страна на издаване
Страна на създаване/издаване България
260 ## - Област на издателските данни
Име на издателя, разпространителя и проч. Gaberoff
Година на издаване 1999
300 ## - Физическа характеристика
Страници 1336 с.
Размери/Мащаб 24 см
380 ## - Жанр
Жанр Езикознание. Филология
650 #4 - Допълнително описание по предмет – тема
Основно описание – тема или топоним Френски език - речници, френско-български
9 (RLIN) 241626
653 ## - Ключова дума – ненормативна
Ключова дума френско-български речници
700 1# - Други автори (авторска отговорност)
Лично име Константинова, Микрула Василева
Автороска отговорност (Описва отношението между автора и произведението) съавт.
9 (RLIN) 263122
700 1# - Други автори (авторска отговорност)
Лично име Попова, Иванка
Автороска отговорност (Описва отношението между автора и произведението) съавт.
9 (RLIN) 267618
852 ## - Местоположение
Форматна сигнатура Цб 199926
856 4# - Електронен адрес и достъп
Електронен формат pdf - файл
Път до файла /url/
856 4# - Електронен адрес и достъп
Електронен формат pdf - файл
Път до файла /url/
942 ## - АРТИКУЛИ
Вид на библиотечния материал Книги
Скрит в OPAC Не
Koha issues (borrowed), all copies 1
944 ## - СЪЗДАВАНЕ И РЕДАКЦИЯ на ЗАПИСА
Създаване/Редакция Създаване
Дата на регистрацията/редакция 15.01.2003
Служител, извършил регистрацията/редакцията Теодора_Стоянова
944 ## - СЪЗДАВАНЕ И РЕДАКЦИЯ на ЗАПИСА
Създаване/Редакция Редакция
Дата на регистрацията/редакция 21.01.2004
Служител, извършил регистрацията/редакцията
999 ## - СИСТЕМНИ КОНТРОЛНИ НОМЕРА
Koha biblionumber 24372
Koha biblioitemnumber 24372
Наличности
Код за отписване Код за изгубен артикул Източник на класификационната схема Код за повреда Коз за рестрикции Код за отдаване Артикулен № Име на библиотеката - собственик Име на библиотеката, в която се намира в момента Статус (Текущо местоположение) Дата на вписване в системата Местоположение - отдел Цена в лева Инвентарен номер Систематично азбучна сигнатура Баркод Номер на екземпляра Цена в евро Служебен тип на артикула Служебна бележка
  Не е изгубен Universal Decimal Classification Не е повреден без рестрикции ползва се в читалня 40242 Регионална библиотека "Любен Каравелов" Русе Регионална библиотека "Любен Каравелов" Русе Хранилище 2001-01-01 Хранилище 20.00 647211 Цб 199926 120000647211 1 10.23 Книги  
  Не е изгубен   Не е повреден без рестрикции ползва се в читалня 40243 Регионална библиотека "Любен Каравелов" Русе Регионална библиотека "Любен Каравелов" Русе Читалня 4 - справочен фонд 2001-01-01 Читалня 4 - справочен фонд 0.00 653100 С4 801.323.2=40 653100 2 0.00 Книги Дата инв: 12.06.2017 Бележки инв: С42017
Vip Innovations Ltd, Rousse, Bulgaria 2025